[Event "Carlos Torre Memorial op 33rd"]
[Site "Merida"]
[Date "2023.12.18"]
[Round "7"]
[White "Davalos Prieto, Abel"]
[Black "Colli Lopez, Samuel Santiago"]
[Result "1-0"]
[WhiteElo "2017"]
[BlackElo "1980"]
[PlyCount "133"]
[EventDate "2023.12.15"]
[EventType "swiss"]
[EventRounds "9"]
[EventCountry "MEX"]
[SourceTitle "CB52_2023"]
[SourceDate "2023.12.27"]
[SourceVersion "1"]
[SourceVersionDate "2023.12.27"]
[SourceQuality "1"]

1. d4 d5 2. Bf4 Nf6 3. e3 e6 4. Nd2 Bd6 5. Bg3 0-0 6. Bd3 b6 7. Ngf3 Ba6 8. c4 c5 9. dxc5 Bxc5 10. 0-0 Nc6 11. a3 Bd6 12. Bh4 Ne5 13. Nxe5 Bxe5 14. Qb3 h6 15. Rfd1 g5 16. Nf3 Bxh2+ 17. Nxh2 gxh4 18. cxd5 Bxd3 19. Rxd3 exd5 20. Rd4 h3 21. g3 Qe7 22. Rh4 Kg7 23. Rxh3 Qe5 24. Rh4 Rfe8 25. Nf3 Qf5 26. Nd4 Qg6 27. Kg2 Re4 28. Rah1 Rxh4 29. Rxh4 Re8 30. Ne2 Re4 31. Nf4 Qg5 32. Qc3 Qe5 33. Qxe5 Rxe5 34. Rh1 Re7 35. Rd1 Rd7 36. Rd4 Kf8 37. f3 Ke7 38. Kf2 h5 39. Ke2 Kd6 40. Rd1 Rc7 41. Kd3 Rc8 42. Rh1 Rg8 43. Rh3 Kc5 44. Ne2 a5 45. Rh4 b5 46. Rf4 Rg6 47. Rf5 a4 48. Nf4 Rh6 49. e4 Kc6 50. Nxd5 Nxd5 51. Rxd5 Rg6 52. Rxh5 Rxg3 53. Rf5 Rg2 54. Kc3 Re2 55. Rxf7 Re3+ 56. Kd2 Rb3 57. Kc2 Re3 58. Rf5 Re2+ 59. Kb1 Kb6 60. e5 Kc5 61. f4 Kc4 62. Ka2 b4 63. axb4 Kxb4 64. Rf7 Rf2 65. e6 a3 66. Rb7+ Kc5 67. e7 1-0

[Event "Carlos Torre Memorial op 32nd"]
[Site "Merida"]
[Date "2022.12.18"]
[Round "4"]
[White "Alayola Montanez, Jose Enrique"]
[Black "Colli Lopez, Samuel Santiago"]
[Result "0-1"]
[WhiteElo "1994"]
[BlackElo "2044"]
[PlyCount "62"]
[EventDate "2022.12.16"]
[EventType "swiss"]
[EventRounds "9"]
[EventCountry "MEX"]
[SourceTitle "CBM 212 Extra"]
[Source "ChessBase"]
[SourceDate "2023.03.31"]
[SourceVersion "1"]
[SourceVersionDate "2023.03.31"]
[SourceQuality "1"]

1. e4 e5 2. Nc3 Nc6 3. Nf3 Nf6 4. d4 exd4 5. Nxd4 d6 6. Bb5 Bd7 7. 0-0 Be7 8. b3 0-0 9. Bb2 a6 10. Bxc6 bxc6 11. Qf3 Ne8 12. e5 d5 13. Rfe1 g6 14. Rad1 Ng7 15. Qe2 Ne6 16. Nxe6 fxe6 17. g3 Rf7 18. Qd3 Bc5 19. Rf1 Qf8 20. Qe2 Qh6 21. Kg2 g5 22. Bc1 Qg7 23. Na4 Be7 24. Rfe1 c5 25. Nc3 Bc6 26. Kg1 Qg6 27. Qd3 Qh5 28. Qe2 Qh3 29. Qf1 Qf5 30. Re2 d4 31. Nb1 Qf3 0-1

[Event "Carlos Torre Memorial op 32nd"]
[Site "Merida"]
[Date "2022.12.18"]
[Round "5"]
[White "Colli Lopez, Samuel Santiago"]
[Black "Palma Villanueva, Miguel Ta"]
[Result "1/2-1/2"]
[WhiteElo "2044"]
[BlackElo "2197"]
[PlyCount "109"]
[EventDate "2022.12.16"]
[EventType "swiss"]
[EventRounds "9"]
[EventCountry "MEX"]
[SourceTitle "CBM 212 Extra"]
[Source "ChessBase"]
[SourceDate "2023.03.31"]
[SourceVersion "1"]
[SourceVersionDate "2023.03.31"]
[SourceQuality "1"]

1. d4 Nf6 2. Bg5 g6 3. Bxf6 exf6 4. e3 Bg7 5. g3 0-0 6. Bg2 d6 7. c4 Nd7 8. Ne2 f5 9. 0-0 h5 10. h4 Nf6 11. Nbc3 Re8 12. b4 Ng4 13. Nf4 Bd7 14. b5 c6 15. bxc6 bxc6 16. Qd3 Qa5 17. Rab1 Rab8 18. Nfe2 Qa6 19. Rxb8 Rxb8 20. Rb1 Rb6 21. Rxb6 axb6 22. Nf4 Qa3 23. Qc2 Bh6 24. Nce2 Qa5 25. Nc3 Qa3 26. Nce2 Qa5 27. Nc3 b5 28. cxb5 cxb5 29. Qb3 Bxf4 30. exf4 b4 31. Nd5 Be6 32. Ne7+ Kf8 33. Nxg6+ Kg7 34. d5 Qc5 35. Qb2+ Kxg6 36. dxe6 fxe6 37. Bf3 Nf6 38. Qe2 e5 39. fxe5 dxe5 40. Bg2 Qd4 41. Bh3 f4 42. Qf3 Qe4 43. Qxe4+ Nxe4 44. gxf4 exf4 45. Kg2 Nd2 46. Be6 Kf6 47. Bd5 Kf5 48. f3 Kf6 49. Kf2 Nb1 50. Ke1 Nc3 51. Bc4 Na4 52. Kd2 Nc5 53. Kc2 Kg7 54. Kd2 Kf6 55. Kc2 1/2-1/2

[Event "Carlos Torre Memorial op 32nd"]
[Site "Merida"]
[Date "2022.12.17"]
[Round "3"]
[White "Colli Lopez, Samuel Santiago"]
[Black "Frey Beckman, Kenneth"]
[Result "0-1"]
[WhiteElo "2044"]
[BlackElo "2188"]
[PlyCount "80"]
[EventDate "2022.12.16"]
[EventType "swiss"]
[EventRounds "9"]
[EventCountry "MEX"]
[SourceTitle "CBM 212 Extra"]
[Source "ChessBase"]
[SourceDate "2023.03.31"]
[SourceVersion "1"]
[SourceVersionDate "2023.03.31"]
[SourceQuality "1"]

1. d4 Nf6 2. c4 e6 3. Nc3 d5 4. cxd5 exd5 5. Bf4 c6 6. Qc2 Bd6 7. Bxd6 Qxd6 8. e3 0-0 9. Bd3 Nbd7 10. g4 Re8 11. 0-0-0 Nf8 12. h3 Ne4 13. Nf3 Qe7 14. Rdg1 b5 15. Bxe4 dxe4 16. Nd2 c5 17. dxc5 Bb7 18. b4 a5 19. a3 axb4 20. axb4 Ng6 21. Nxb5 Bd5 22. Nc4 Reb8 23. Nbd6 Rxb4 24. Qc3 Rxc4 25. Nxc4 Qxc5 26. Kd2 Bxc4 27. Rc1 Ne5 28. Rc2 Rd8+ 29. Kc1 Nd3+ 30. Kd1 Nxf2+ 31. Ke1 Nd3+ 32. Kf1 Ne5+ 33. Kg2 h5 34. Ra1 hxg4 35. Ra5 gxh3+ 36. Kg3 Qb6 37. Rxe5 Qg6+ 38. Kf4 Rd6 39. Rf5 Be6 40. Rg5 Qh6 0-1

[Event "Carlos Torre Memorial op 21st"]
[Site "Merida"]
[Date "2008.12.13"]
[Round "1"]
[White "Garcia, Gildardo"]
[Black "Colli Lopez, Samuel Santiago"]
[Result "1-0"]
[WhiteElo "2410"]
[BlackElo "2057"]
[PlyCount "155"]
[EventDate "2008.12.13"]
[EventType "swiss"]
[EventRounds "9"]
[EventCountry "MEX"]
[SourceTitle "CBM 127 Extra"]
[Source "ChessBase"]
[SourceDate "2009.01.08"]
[SourceVersion "2"]
[SourceVersionDate "2009.01.28"]
[SourceQuality "1"]

1. e4 Nf6 2. e5 Nd5 3. d4 d6 4. Nf3 Bg4 5. Be2 e6 6. 0-0 Be7 7. h3 Bh5 8. c4 Nb6 9. Nc3 0-0 10. Be3 Nc6 11. exd6 cxd6 12. d5 Bxf3 13. Bxf3 Ne5 14. dxe6 fxe6 15. Bg4 Nxg4 16. Qxg4 Rf6 17. Rad1 Rg6 18. Qe4 Qc7 19. b3 Qc6 20. Rfe1 Rf8 21. Rd3 Nd7 22. Bxa7 Ne5 23. Qxc6 bxc6 24. Rxe5 dxe5 25. Ne4 Rd8 26. Rxd8+ Bxd8 27. b4 Rh6 28. b5 Rh4 29. f3 cxb5 30. cxb5 Rf4 31. b6 Rf7 32. Nd6 Rd7 33. b7 Bc7 34. b8Q+ Bxb8 35. Bxb8 Rd8 36. Bc7 Ra8 37. Ne4 Rxa2 38. Bxe5 h6 39. Kh2 Kf7 40. Kg3 g5 41. h4 gxh4+ 42. Kh3 Kg6 43. Bf6 Kf5 44. Bxh4 Rc2 45. Bf2 Rc1 46. Ng3+ Kg6 47. Kg4 Rc2 48. Ne4 e5 49. Kh3 h5 50. Bg3 Kf5 51. Nd6+ Ke6 52. Ne4 Kf5 53. Bf2 Rc1 54. Ng3+ Kg6 55. Ba7 Ra1 56. Bb8 Re1 57. Bd6 Kg5 58. Bb4 Rb1 59. Bc3 Rb5 60. Bd2+ Kg6 61. Kh4 Rb8 62. Bc3 Rb5 63. Ne4 Rd5 64. Kg3 Rb5 65. Kf2 h4 66. Kg1 Rb1+ 67. Kh2 Kf5 68. Bd2 Kg6 69. Bg5 Kh5 70. Bf6 Rb5 71. Kh3 Rb1 72. Bxe5 Rh1+ 73. Bh2 Kg6 74. Nf2 Rf1 75. Ng4 Kh5 76. Bf4 Rh1+ 77. Nh2 Rg1 78. Be3 1-0

[Event "Carlos Torre Memorial op 20th"]
[Site "Merida"]
[Date "2007.12.15"]
[Round "1"]
[White "Colli Lopez, Samuel Santiago"]
[Black "Zapata, Alonso"]
[Result "0-1"]
[WhiteElo "2062"]
[BlackElo "2495"]
[PlyCount "70"]
[EventDate "2007.12.15"]
[EventType "swiss"]
[EventRounds "9"]
[EventCountry "MEX"]
[SourceTitle "CBM 121 Extra"]
[Source "ChessBase"]
[SourceDate "2008.01.10"]
[SourceVersion "1"]
[SourceVersionDate "2008.01.10"]
[SourceQuality "1"]

1. d4 Nf6 2. Nf3 g6 3. c4 Bg7 4. Nc3 0-0 5. e4 d6 6. Be2 Na6 7. 0-0 e5 8. d5 Nc5 9. Qc2 a5 10. Bg5 h6 11. Be3 Nh7 12. Nd2 f5 13. f4 exf4 14. Rxf4 g5 15. Rff1 f4 16. Bf2 g4 17. Kh1 Be5 18. Rad1 Bd7 19. Nb5 Ng5 20. Bd4 Bxb5 21. Bxe5 Ba4 22. b3 dxe5 23. bxa4 h5 24. Rb1 Qe7 25. Rb5 b6 26. Bd3 f3 27. gxf3 gxf3 28. Nb3 Nh3 29. Nxc5 bxc5 30. Qd2 Ra6 31. Qe3 Rg6 32. Rbb1 Qg5 33. Qxg5 Rxg5 34. Bc2 Kh7 35. Rb7 Rg1+ 0-1